| 000 | 00455mm a2200145a 44500 | ||
|---|---|---|---|
| 001 | NM030208 | ||
| 003 | RG CODE MARC | ||
| 008 | 05020s1919 ||||||||||||||000 | spa|| | ||
| 005 | 20251028183346.0 | ||
| 040 | _aORG CODE MARC | ||
| 245 |
_aBosquejos para discursos _bpara uso de los oficiales del Ejército de Salvación |
||
| 260 |
_aBuenos Aires _bEjército de Salvación, Cuartel General para la América del Sud |
||
| 300 |
_a210 p. _b17 cm. |
||
| 942 | _cBK | ||
| 999 |
_c29515 _d29515 |
||